Southville International School and Colleges
Your cart is empty.
  • Cart
  • Lists
    Public lists Eva Luna New books Lux_list list_1
    Your lists Log in to create your own lists
  • Log in to your account
  • Your cookies
  • Search history
Southville International School and Colleges
  • Advanced search
  • Recent comments
  • Most popular
  • Libraries

Log in to your account

Log in with GOOGLE


If you do not have an external account, but do have a local account, you can still log in:

  1. Home
  2. MARC view: HAS mobile app (hybrid automobile service company)
Normal view MARC view ISBD view

HAS mobile app (hybrid automobile service company) (Record no. 367075)

[ view plain ]
MARC details
000 -LEADER
fixed length control field 00794nam a22002177a 4500
003 - CONTROL NUMBER IDENTIFIER
control field 0
005 - DATE AND TIME OF LATEST TRANSACTION
control field 20250127143210.0
008 - FIXED-LENGTH DATA ELEMENTS--GENERAL INFORMATION
fixed length control field 250127b xxu||||| |||| 00| 0 eng d
050 ## - LIBRARY OF CONGRESS CALL NUMBER
Classification number TL 152.8
Item number .Ad26 2019
100 ## - MAIN ENTRY--PERSONAL NAME
Personal name Adame, Neil Adriane
245 ## - TITLE STATEMENT
Title HAS mobile app (hybrid automobile service company)
Statement of responsibility, etc Neil Adriane Adame
260 ## - PUBLICATION, DISTRIBUTION, ETC. (IMPRINT)
Place of publication, distribution, etc Las Pinas City
Name of publisher, distributor, etc Southville International School and Colleges
Date of publication, distribution, etc 2019
300 ## - PHYSICAL DESCRIPTION
Extent unpage ;
Dimensions 28cm.
500 ## - GENERAL NOTE
General note Marketing Management.
504 ## - BIBLIOGRAPHY, ETC. NOTE
Bibliography, etc Includes bibliographical references and appendices. <br/>
650 ## - SUBJECT ADDED ENTRY--TOPICAL TERM
Topical term or geographic name as entry element Automobile repair shops—Management.
650 ## - SUBJECT ADDED ENTRY--TOPICAL TERM
Topical term or geographic name as entry element Mobile apps—Automobile services.
650 ## - SUBJECT ADDED ENTRY--TOPICAL TERM
Topical term or geographic name as entry element Hybrid electric vehicles—Maintenance and repair.
650 ## - SUBJECT ADDED ENTRY--TOPICAL TERM
Topical term or geographic name as entry element Automotive technology—Service innovation.
942 ## - ADDED ENTRY ELEMENTS (KOHA)
Source of classification or shelving scheme Library of Congress Classification
Koha item type Theses
Holdings
Withdrawn status Lost status Source of classification or shelving scheme Damaged status Home library Current library Shelving location Date acquired Source of acquisition Sub Shelving location Total Checkouts Full call number Barcode Date last seen Price effective from Koha item type
    Library of Congress Classification   College Library College Library Theses Section 01/27/2025 Donation     TL 152.8 .Ad26 2019 T1301 01/27/2025 01/27/2025 Theses

HAS mobile app (hybrid automobile service company)

APA

Adame N. A., . (2019). HAS mobile app (hybrid automobile service company). Las Pinas City: Southville International School and Colleges.

Chicago

Adame Neil Adriane, . 2019. HAS mobile app (hybrid automobile service company). Las Pinas City: Southville International School and Colleges.

Harvard

Adame N. A., . (2019). HAS mobile app (hybrid automobile service company). Las Pinas City: Southville International School and Colleges.

MLA

Adame Neil Adriane, . HAS mobile app (hybrid automobile service company). Las Pinas City: Southville International School and Colleges. 2019.

  • Print
  • Cite
  • Add to your cart (remove)
  • Save record
    BIBTEX Dublin Core MARCXML MARC (non-Unicode/MARC-8) MARC (Unicode/UTF-8) MARC (Unicode/UTF-8, Standard) MODS (XML) RIS
  • More searches
    Search for this title in:
    Other Libraries (WorldCat) Other Databases (Google Scholar) Online Stores (Bookfinder.com) Open Library (openlibrary.org)

Exporting to Dublin Core...

SOUTHVILLE LIBRARY

Southville International School and Colleges Library

1281 Tropical Ave. Cor. Luxembourg St., BF Homes International, Las Pinas City

Tel. No. 8256374 / 252358 Loc. 117/146

Powered by Koha